000 00551cam a22001577a 4500
999 _c478113
_d478113
008 180718b1969 xxu||||| |||| 00| 0 eng d
082 _aU61 Ar67
100 _aArora, R.S.
_910464
245 _aAdministration of government industries: three essay on the public corporation
_cby R.S. Arora
260 _aNew Delhi
_bIndian Institute of Public Administration
_c1969
300 _a132p.
500 _aUnder auspices of the IIPA
650 _aIndian Institute of Public Administration
_910465
650 _aGovernment Corporations
_910466
942 _2ddc